[Event "7MCR_4D_1L_4S"]
[Site "?"]
[Date "2006.??.??"]
[Round "?"]
[White "Bares, Jiri"]
[Black "Sedlacek, Tomas"]
[Result "1/2-1/2"]
[WhiteElo "2211"]
[BlackElo "2189"]
[PlyCount "38"]
[EventDate "2006.??.??"]
[EventType "corr"]

1. d4 Nf6 2. c4 e6 3. Nc3 Bb4 4. Qc2 O-O 5. a3 Bxc3+ 6. Qxc3 b6 7. Bg5 Bb7 8.
f3 h6 9. Bh4 d5 10. e3 Nbd7 11. cxd5 Nxd5 12. Bxd8 Nxc3 13. Bh4 Nd5 14. Bf2 c5
15. Bb5 Rfd8 16. e4 Nc7 17. Bxd7 Rxd7 18. dxc5 f5 19. e5 bxc5 1/2-1/2

[Event "7MCR_4D_1L_4S"]
[Site "?"]
[Date "2006.??.??"]
[Round "?"]
[White "Bares, Jiri"]
[Black "Soudny, Jiri"]
[Result "1/2-1/2"]
[WhiteElo "2211"]
[BlackElo "2355"]
[PlyCount "38"]
[EventDate "2006.??.??"]
[EventType "corr"]

1. d4 d5 2. c4 c6 3. cxd5 cxd5 4. Nc3 Nf6 5. Nf3 Nc6 6. Bf4 Bf5 7. e3 e6 8. Bb5
Nd7 9. Qa4 Rc8 10. O-O a6 11. Bxc6 Rxc6 12. Rfc1 Be7 13. Ne2 Qb6 14. Rxc6 bxc6
15. Rc1 Bd3 16. Qd1 Bg6 17. Qa4 Bd3 18. Qd1 Bg6 19. Qa4 Bd3 1/2-1/2

[Event "7MCR_4D_1L_4S"]
[Site "?"]
[Date "2006.??.??"]
[Round "?"]
[White "Bares, Jiri"]
[Black "Vokoun, Jan"]
[Result "1-0"]
[WhiteElo "2211"]
[BlackElo "2400"]
[PlyCount "61"]
[EventDate "2006.??.??"]
[EventType "corr"]

1. d4 d5 2. c4 e6 3. Nc3 Nf6 4. cxd5 exd5 5. Bg5 Nbd7 6. e3 Be7 7. Bd3 O-O 8.
Nf3 Re8 9. O-O c6 10. Qc2 h6 11. Bf4 Nf8 12. h3 b6 13. Ne5 Bb7 14. Ne2 Rc8 15.
Bf5 Rc7 16. Rac1 Bd6 17. Bg3 c5 18. Qa4 a6 19. Ng4 Ne4 20. Bxe4 Rxe4 21. Bxd6
Qxd6 22. Ng3 Re6 23. dxc5 bxc5 24. Rfd1 Qb6 25. b4 c4 26. Qa3 Re8 27. Qc3 Qe6
28. e4 dxe4 29. Nh5 f5 30. Ngf6+ gxf6 31. Qg3+ 1-0

[Event "7MCR_4D_1L_4S"]
[Site "?"]
[Date "2006.??.??"]
[Round "?"]
[White "Binas, Jindrich"]
[Black "Bares, Jiri"]
[Result "0-1"]
[WhiteElo "2079"]
[BlackElo "2211"]
[PlyCount "56"]
[EventDate "2006.??.??"]
[EventType "corr"]

1. e4 c5 2. Nf3 d6 3. d4 cxd4 4. Nxd4 Nf6 5. Nc3 a6 6. Be3 e5 7. Nb3 Be6 8. f4
exf4 9. Bxf4 Nc6 10. Qe2 Be7 11. h3 Nd7 12. O-O-O Nce5 13. Nd5 Bxd5 14. Rxd5
O-O 15. Kb1 b5 16. h4 Qc7 17. g3 Nc4 18. Nd2 Ndb6 19. Rd3 Rab8 20. Rb3 Bf6 21.
Qd3 Rbc8 22. c3 Na4 23. Nxc4 bxc4 24. Qxc4 Qxc4 25. Bxc4 Rxc4 26. Bxd6 Rfc8 27.
e5 Bd8 28. Re1 Nb6 0-1

[Event "7MCR_4D_1L_4S"]
[Site "?"]
[Date "2006.??.??"]
[Round "?"]
[White "Binas, Jindrich"]
[Black "Chvojka, Jaroslav"]
[Result "1/2-1/2"]
[WhiteElo "2079"]
[BlackElo "2261"]
[PlyCount "123"]
[EventDate "2006.??.??"]
[EventType "corr"]

1. e4 e5 2. Nf3 Nc6 3. Bc4 Nf6 4. Ng5 d5 5. exd5 Na5 6. Bb5+ c6 7. dxc6 bxc6 8.
Be2 h6 9. Nh3 Bc5 10. O-O Nb7 11. d3 Qc7 12. Nc3 O-O 13. Kh1 Bxh3 14. gxh3 Nd6
15. Na4 Bb6 16. Nxb6 axb6 17. Bg4 Rfe8 18. Rg1 e4 19. Bf4 Qe7 20. Bxh6 gxh6 21.
Bd7+ Kh7 22. Bxc6 Nf5 23. f3 e3 24. d4 Qe6 25. Bxa8 Rxa8 26. Qd3 Kh8 27. Rae1
Rxa2 28. c4 Rxb2 29. Qa3 Rc2 30. Rxe3 Qd6 31. Qxd6 Nxd6 32. c5 bxc5 33. dxc5
Rxc5 34. Ra3 Rd5 35. Raa1 Kh7 36. Rgd1 Rxd1+ 37. Rxd1 Nf5 38. Ra1 Ne3 39. Ra7
Kg6 40. Ra6 Ned5 41. Kg2 Nf4+ 42. Kg3 Ne6 43. Kh4 Nd5 44. Kg3 Kg5 45. h4+ Kg6
46. Ra5 Nef4 47. Ra4 Nh5+ 48. Kg2 f6 49. Rg4+ Kf5 50. Re4 Ndf4+ 51. Kf2 Nh3+
52. Kg2 N5f4+ 53. Kg3 Nd3 54. Ra4 Nhf4 55. Re4 h5 56. Re3 Ne5 57. Re4 Nd5 58.
Ra4 Kg6 59. Ra5 Ne7 60. Kf2 N5c6 61. Ra4 Nf5 62. Kg1 1/2-1/2

[Event "7MCR_4D_1L_4S"]
[Site "?"]
[Date "2006.??.??"]
[Round "?"]
[White "Binas, Jindrich"]
[Black "Cvak, Rudolf"]
[Result "1/2-1/2"]
[WhiteElo "2079"]
[BlackElo "2140"]
[PlyCount "83"]
[EventDate "2006.??.??"]
[EventType "corr"]

1. e4 e5 2. Nf3 Nc6 3. Bc4 Nf6 4. Ng5 d5 5. exd5 Na5 6. Bb5+ c6 7. dxc6 bxc6 8.
Be2 h6 9. Nh3 Bc5 10. O-O O-O 11. d3 Nb7 12. Nc3 Bd4 13. Bf3 Qc7 14. Ne4 Nxe4
15. Bxe4 f5 16. Bf3 g5 17. c3 Bb6 18. Bh5 Rd8 19. Kh1 Nc5 20. d4 exd4 21. cxd4
Ne4 22. Qc2 Bxd4 23. Be3 Be6 24. Rae1 Bxe3 25. Rxe3 Rd2 26. Qc1 Rad8 27. Rfe1
Qb6 28. Bf3 Qc5 29. Qxc5 Nxc5 30. Rc3 g4 31. Rxc5 gxf3 32. Nf4 Rd1 33. Rc1
Rxe1+ 34. Rxe1 Bxa2 35. gxf3 Rb8 36. Rc1 Rxb2 37. Rxc6 Rxf2 38. Rc8+ Kf7 39.
Rc7+ Ke8 40. Rxa7 Rxf3 41. Nh5 Bb1 42. Nf6+ 1/2-1/2

[Event "7MCR_4D_1L_4S"]
[Site "?"]
[Date "2006.??.??"]
[Round "?"]
[White "Binas, Jindrich"]
[Black "Glaser, Karel"]
[Result "1/2-1/2"]
[WhiteElo "2079"]
[BlackElo "2159"]
[PlyCount "61"]
[EventDate "2006.??.??"]
[EventType "corr"]

1. e4 e5 2. Nf3 Nc6 3. Bc4 Bc5 4. c3 Nf6 5. d4 exd4 6. cxd4 Bb4+ 7. Bd2 Bxd2+
8. Nbxd2 d5 9. exd5 Nxd5 10. Qb3 Nce7 11. O-O O-O 12. Rfe1 c6 13. Ne4 Nb6 14.
Nc5 Nxc4 15. Qxc4 Qc7 16. Rac1 Nd5 17. a4 a5 18. h3 f6 19. Nd2 Rd8 20. Qb3 Kh8
21. Qf3 b6 22. Ne6 Bxe6 23. Rxe6 Qf4 24. Rc2 f5 25. Qxf4 Nxf4 26. Re7 Rxd4 27.
Nc4 Nd5 28. Rb7 g6 29. Nxb6 Nxb6 30. Rxb6 Rxa4 31. Rcxc6 1/2-1/2

[Event "7MCR_4D_1L_4S"]
[Site "?"]
[Date "2006.??.??"]
[Round "?"]
[White "Binas, Jindrich"]
[Black "Kosek, Lubomir"]
[Result "1/2-1/2"]
[WhiteElo "2079"]
[BlackElo "2043"]
[PlyCount "73"]
[EventDate "2006.??.??"]
[EventType "corr"]

1. e4 e5 2. Nf3 Nc6 3. Bc4 Bc5 4. c3 Nf6 5. d4 exd4 6. cxd4 Bb4+ 7. Bd2 Bxd2+
8. Nbxd2 d5 9. exd5 Nxd5 10. Qb3 Be6 11. Qxb7 Ndb4 12. Bb5 Bd5 13. O-O O-O 14.
Bxc6 Nxc6 15. Qa6 Qd6 16. Qd3 a5 17. Rfe1 a4 18. Nc4 Qf4 19. Nce5 Nb4 20. Qb5
Rfb8 21. Qc5 Bxf3 22. gxf3 Qg5+ 23. Kh1 Qf5 24. Rg1 g6 25. a3 Nd3 26. Qc2 Rb3
27. Rgd1 Re8 28. Rxd3 Rxe5 29. Rc3 Rxc3 30. Qxc3 Rb5 31. Re1 Rb3 32. Re8+ Kg7
33. Qc5 Qxc5 34. dxc5 Rxb2 35. Kg2 Rc2 36. Re4 Rxc5 37. Rxa4 1/2-1/2

[Event "7MCR_4D_1L_4S"]
[Site "?"]
[Date "2006.??.??"]
[Round "?"]
[White "Binas, Jindrich"]
[Black "Nosek, Jaroslav"]
[Result "0-1"]
[WhiteElo "2079"]
[BlackElo "2252"]
[PlyCount "56"]
[EventDate "2006.??.??"]
[EventType "corr"]

1. e4 c5 2. Nf3 Nc6 3. d4 cxd4 4. Nxd4 Nf6 5. Nc3 e5 6. Ndb5 d6 7. Bg5 a6 8.
Na3 b5 9. Bxf6 gxf6 10. Nd5 Bg7 11. c3 f5 12. exf5 Bxf5 13. Nc2 O-O 14. Nce3
Be6 15. Bd3 f5 16. O-O Ra7 17. a4 Ne7 18. Nxe7+ Rxe7 19. axb5 axb5 20. Bc2 Kh8
21. Bb3 f4 22. Nd5 Ref7 23. f3 Rf5 24. Qe1 Rg5 25. Kh1 Rg6 26. Ra6 e4 27. fxe4
Qg5 28. Qf2 Be5 0-1

[Event "7MCR_4D_1L_4S"]
[Site "?"]
[Date "2006.??.??"]
[Round "?"]
[White "Binas, Jindrich"]
[Black "Sykora, Josef"]
[Result "0-1"]
[WhiteElo "2079"]
[BlackElo "2389"]
[PlyCount "44"]
[EventDate "2006.??.??"]
[EventType "corr"]

1. e4 c6 2. d4 d5 3. exd5 cxd5 4. c4 Nf6 5. Nc3 e6 6. Nf3 Bb4 7. cxd5 Nxd5 8.
Bd2 Nc6 9. Bd3 O-O 10. O-O Be7 11. Re1 Ndb4 12. Be4 Nxd4 13. Nxd4 Qxd4 14. Qe2
f5 15. Be3 Qf6 16. Bb1 Nc6 17. f4 Bd6 18. Nb5 Bb8 19. Bd3 e5 20. Bc4+ Be6 21.
fxe5 Bxe5 22. Bf4 Rae8 0-1

[Event "7MCR_4D_1L_4S"]
[Site "?"]
[Date "2006.??.??"]
[Round "?"]
[White "Chvojka, Jaroslav"]
[Black "Bares, Jiri"]
[Result "1/2-1/2"]
[WhiteElo "2261"]
[BlackElo "2211"]
[PlyCount "99"]
[EventDate "2006.??.??"]
[EventType "corr"]

1. d4 Nf6 2. c4 e6 3. Nf3 c5 4. Nc3 cxd4 5. Nxd4 d5 6. cxd5 Nxd5 7. Ndb5 Nxc3
8. Qxd8+ Kxd8 9. Nxc3 Nc6 10. Bd2 Bc5 11. g3 e5 12. Bg2 Be6 13. Nd5 Rc8 14. a3
Nd4 15. Rd1 Nc2+ 16. Kf1 Nd4 17. e3 Nc6 18. Bf3 Kd7 19. Bc3 Bd6 20. Kg2 Rhd8
21. Rd2 Ke8 22. Rhd1 Bb8 23. Be4 h6 24. f4 f5 25. Bf3 Kf7 26. e4 exf4 27. Nxf4
Bxf4 28. Rxd8 Rxd8 29. Rxd8 Nxd8 30. gxf4 fxe4 31. Bxe4 g6 32. Kf2 Bf5 33. Bf3
Ke6 34. h4 h5 35. Ke3 Nc6 36. b4 Bg4 37. Be4 Bf5 38. Bg2 a6 39. a4 Kd6 40. b5
axb5 41. axb5 Na7 42. Be5+ Kd7 43. b6 Nc6 44. Bg7 Kd6 45. Bf8+ Kd7 46. Kd2 Be6
47. Kc3 Kd8 48. Be4 Bf5 49. Bg2 Be6 50. Bf3 1/2-1/2

[Event "7MCR_4D_1L_4S"]
[Site "?"]
[Date "2006.??.??"]
[Round "?"]
[White "Chvojka, Jaroslav"]
[Black "Cvak, Rudolf"]
[Result "1/2-1/2"]
[WhiteElo "2261"]
[BlackElo "2140"]
[PlyCount "120"]
[EventDate "2006.??.??"]
[EventType "corr"]

1. d4 Nf6 2. c4 g6 3. Nc3 Bg7 4. e4 d6 5. Be2 O-O 6. Nf3 e5 7. dxe5 dxe5 8.
Qxd8 Rxd8 9. Bg5 Re8 10. Be3 Ng4 11. Bd2 Nf6 12. Nd5 Na6 13. Nxf6+ Bxf6 14. b4
b6 15. a3 Bb7 16. Bd3 c5 17. h4 Nc7 18. bxc5 Ne6 19. cxb6 axb6 20. Ke2 Nf4+ 21.
Bxf4 exf4 22. Ra2 Bxe4 23. Bxe4 Rxe4+ 24. Kd3 Re6 25. Rc1 Kg7 26. a4 Rd8+ 27.
Kc2 h6 28. h5 g5 29. Re1 Red6 30. Re2 Rd3 31. Rd2 Rc3+ 32. Kd1 Rxc4 33. Rxd8
Bxd8 34. Ne5 Re4 35. Nc6 Bf6 36. f3 Rc4 37. Na7 Bc3 38. Ke2 Bb4 39. Kd3 Rc3+
40. Kd4 Rc1 41. Ke4 Rc4+ 42. Kd3 Rc1 43. Rc2 Ra1 44. Nb5 Bc5 45. Nc3 f5 46. Ra2
Re1 47. Re2 Rxe2 48. Nxe2 Kf6 49. Nd4 Ke5 50. Nb5 g4 51. Kc4 Be3 52. Nc3 Kf6
53. Kd5 Bd2 54. Ne2 Kg5 55. Ke6 Bb4 56. Nd4 Bd2 57. Ne2 Be1 58. Ke5 Bb4 59. Nc1
Bd2 60. Ne2 Bb4 1/2-1/2

[Event "7MCR_4D_1L_4S"]
[Site "?"]
[Date "2006.??.??"]
[Round "?"]
[White "Chvojka, Jaroslav"]
[Black "Glaser, Karel"]
[Result "1-0"]
[WhiteElo "2261"]
[BlackElo "2159"]
[PlyCount "79"]
[EventDate "2006.??.??"]
[EventType "corr"]

1. d4 Nf6 2. c4 e6 3. Nf3 d5 4. Nc3 c5 5. cxd5 Nxd5 6. e4 Nxc3 7. bxc3 cxd4 8.
cxd4 Nc6 9. Bc4 Bb4+ 10. Bd2 Bxd2+ 11. Qxd2 O-O 12. O-O b6 13. Rac1 Na5 14. Bd3
Bb7 15. Qf4 Nc6 16. e5 Ne7 17. Ng5 h6 18. Ne4 Bd5 19. Nd6 f5 20. a3 a6 21. Rc3
b5 22. Rfc1 Ng6 23. Qg3 Qg5 24. Rc7 Kh7 25. R1c5 Nf4 26. Bf1 Ba2 27. R5c6 Bd5
28. Rc1 Ng6 29. Qxg5 hxg5 30. g3 g4 31. Bg2 Bxg2 32. Kxg2 f4 33. Kf1 f3 34. Ke1
Rfb8 35. Rb1 Rh8 36. Nf7 Rhe8 37. Kd2 Nf8 38. Nd6 Red8 39. Ke3 Ng6 40. Ke4 1-0

[Event "7MCR_4D_1L_4S"]
[Site "?"]
[Date "2006.??.??"]
[Round "?"]
[White "Chvojka, Jaroslav"]
[Black "Kosek, Lubomir"]
[Result "0-1"]
[WhiteElo "2261"]
[BlackElo "2043"]
[PlyCount "82"]
[EventDate "2006.??.??"]
[EventType "corr"]

1. d4 Nf6 2. c4 g6 3. Nc3 Bg7 4. e4 d6 5. Be2 O-O 6. Nf3 Nbd7 7. O-O e5 8. Be3
exd4 9. Nxd4 Re8 10. f3 Nc5 11. b4 Ne6 12. Qd2 Nh5 13. Nxe6 Bxe6 14. a4 f5 15.
a5 f4 16. Bd4 Be5 17. Rfd1 Qf6 18. Nb5 Rec8 19. c5 a6 20. Bxe5 dxe5 21. Na3 Rd8
22. Qc3 c6 23. Rd6 Rxd6 24. cxd6 Ng7 25. Rd1 Rd8 26. Qc5 Rd7 27. Bxa6 bxa6 28.
Qxc6 Ne8 29. Qxa6 Bb3 30. Qc8 Qe6 31. Rc1 Kg7 32. Qc3 Nxd6 33. b5 g5 34. Qb4 h5
35. b6 g4 36. fxg4 hxg4 37. Rc3 Bd1 38. Nb5 f3 39. Rd3 Be2 40. Rxd6 Rf7 41. Qc5
f2+ 0-1

[Event "7MCR_4D_1L_4S"]
[Site "?"]
[Date "2006.??.??"]
[Round "?"]
[White "Chvojka, Jaroslav"]
[Black "Schwarz, Jan"]
[Result "1/2-1/2"]
[WhiteElo "2261"]
[BlackElo "2289"]
[PlyCount "88"]
[EventDate "2006.??.??"]
[EventType "corr"]

1. d4 Nf6 2. c4 e6 3. Nf3 c6 4. Bg5 d5 5. e3 Be7 6. Qc2 Nbd7 7. Nc3 Ne4 8. Bxe7
Qxe7 9. Bd3 Nxc3 10. bxc3 dxc4 11. Bxc4 b6 12. O-O Bb7 13. e4 O-O 14. Rfe1 c5
15. d5 exd5 16. exd5 Qd6 17. Ng5 Nf6 18. Ne4 Qf4 19. Nxf6+ Qxf6 20. Rad1 Rad8
21. Re3 g6 22. a3 Kg7 23. Qe4 Rfe8 24. Qxe8 Rxe8 25. Rxe8 Qd6 26. Re3 Bc6 27.
Bb3 Bd7 28. c4 a6 29. a4 Qf6 30. h3 Qb2 31. Rde1 h6 32. Rf3 Kf8 33. Rd3 h5 34.
h4 Kg7 35. Rde3 Bg4 36. g3 Qd2 37. Kg2 Qd4 38. Rb1 f5 39. Ba2 Qd2 40. Rxb6 Bh3+
41. Kxh3 Qxf2 42. Re7+ Kf8 43. Rbe6 Qf1+ 44. Kh2 Qf2+ 1/2-1/2

[Event "7MCR_4D_1L_4S"]
[Site "?"]
[Date "2006.??.??"]
[Round "?"]
[White "Chvojka, Jaroslav"]
[Black "Sedlacek, Tomas"]
[Result "1-0"]
[WhiteElo "2261"]
[BlackElo "2189"]
[PlyCount "109"]
[EventDate "2006.??.??"]
[EventType "corr"]

1. d4 Nf6 2. c4 e6 3. Nf3 Bb4+ 4. Bd2 a5 5. Qc2 d6 6. Nc3 Qe7 7. a3 Bxc3 8.
Bxc3 Nbd7 9. e4 e5 10. Bd3 O-O 11. O-O a4 12. c5 dxc5 13. dxe5 Ng4 14. e6 fxe6
15. e5 Rxf3 16. Bxh7+ Kh8 17. gxf3 Nxh2 18. Rfd1 Nxf3+ 19. Kg2 Ndxe5 20. Bxe5
Nxe5 21. Rh1 Qg5+ 22. Kf1 Bd7 23. Qxc5 Qf6 24. Re1 Ng4 25. Be4+ Kg8 26. Re2 Rf8
27. Ke1 c6 28. Qb4 Nh6 29. Qxb7 Rd8 30. Rd2 Qe5 31. f3 Qa5 32. Qb4 Qxb4 33.
axb4 Nf7 34. Ke2 Kf8 35. Rg1 g5 36. Bg6 Ne5 37. Rxg5 Nc4 38. Rd4 Nb6 39. Bc2
Ke7 40. Bxa4 Nd5 41. Bb3 Rh8 42. Bxd5 cxd5 43. Rdg4 Kd6 44. Kd2 Rh2+ 45. Rg2
Rh4 46. R5g4 Rh3 47. Ke3 Bc6 48. b3 Rh1 49. Kd2 Rb1 50. Kc2 Rf1 51. Rf4 Be8 52.
Kd2 Bh5 53. Rg3 Rf2+ 54. Kc1 Be8 55. Rf8 1-0

[Event "7MCR_4D_1L_4S"]
[Site "?"]
[Date "2006.??.??"]
[Round "?"]
[White "Chvojka, Jaroslav"]
[Black "Vokoun, Jan"]
[Result "1-0"]
[WhiteElo "2261"]
[BlackElo "2400"]
[PlyCount "71"]
[EventDate "2006.??.??"]
[EventType "corr"]

1. d4 g6 2. e4 Bg7 3. Nf3 c6 4. Nc3 d6 5. Be2 Nd7 6. O-O Qc7 7. Be3 Ngf6 8. Qd2
Ng4 9. Bg5 h6 10. Bf4 e5 11. Bg3 Ngf6 12. dxe5 dxe5 13. Ne1 h5 14. Nf3 Bh6 15.
Qd3 b5 16. Rfd1 O-O 17. a3 Re8 18. Qd6 Qb7 19. b4 Re6 20. Qd3 a5 21. Na2 c5 22.
Qxb5 Qxe4 23. Bd3 Qb7 24. Qxb7 Bxb7 25. Bc4 Re7 26. bxa5 Ba6 27. Bxa6 Rxa6 28.
Nc3 Rxa5 29. a4 Re6 30. h3 Kf8 31. Bh4 Ke8 32. Rab1 Ra8 33. Nb5 Rxa4 34. Nc7+
Ke7 35. Rxd7+ Kxd7 36. Nxe6 1-0

[Event "7MCR_4D_1L_4S"]
[Site "?"]
[Date "2006.??.??"]
[Round "?"]
[White "Cvak, Rudolf"]
[Black "Kuchta, Jiri"]
[Result "1/2-1/2"]
[WhiteElo "2140"]
[BlackElo "2252"]
[PlyCount "153"]
[EventDate "2006.??.??"]
[EventType "corr"]

1. e4 c6 2. d4 d5 3. e5 Bf5 4. Nc3 e6 5. g4 Bg6 6. Nge2 c5 7. h4 h6 8. Be3 Nc6
9. dxc5 Nxe5 10. Nf4 Bh7 11. Bb5+ Nc6 12. Qe2 Nge7 13. O-O-O Qa5 14. Rd4 a6 15.
Ra4 Qc7 16. Bxc6+ Nxc6 17. Ncxd5 exd5 18. Nxd5 Qe5 19. Rd1 g5 20. hxg5 Bg7 21.
Nf6+ Bxf6 22. gxf6 Rd8 23. Rh1 Nd4 24. Qc4 Qe4 25. Rxh6 Rg8 26. b3 Rxg4 27. Kb2
Nb5 28. Qxe4+ Bxe4 29. Rh3 Bf5 30. Rh5 Be6 31. f4 Rg2 32. c6 bxc6 33. Bb6 Rc8
34. Rxa6 Rg8 35. f5 Bd5 36. a4 Kd7 37. Rh3 Nc7 38. Ra7 Be4 39. Rh4 Rge8 40. c4
Kd6 41. b4 Na8 42. Bd4 Bxf5 43. Rxf7 Nc7 44. Kb3 Rg8 45. Rg7 Rxg7 46. Bc5+ Kd7
47. Rd4+ Ke8 48. fxg7 Bh7 49. Rd6 Na6 50. Be3 Ke7 51. Rh6 Bg8 52. a5 Nb8 53.
Kc3 Kf7 54. Bd4 Ke7 55. Rh2 Nd7 56. a6 c5 57. bxc5 Nb8 58. Ra2 Nc6 59. Rb2 Rd8
60. Be3 Ra8 61. Rb6 Kd7 62. Bf4 Bf7 63. Bh2 Bg8 64. Bf4 Bf7 65. Bh6 Bg8 66. Bc1
Bf7 67. Bg5 Bg8 68. Bh4 Bh7 69. Bg3 Bg8 70. Bd6 Bf7 71. Bf8 Bg8 72. Rb1 Rxa6
73. Rh1 Ra3+ 74. Kd2 Rg3 75. Rh8 Bxc4 76. Rh4 Bd5 77. Rh6 1/2-1/2

[Event "7MCR_4D_1L_4S"]
[Site "?"]
[Date "2006.??.??"]
[Round "?"]
[White "Cvak, Rudolf"]
[Black "Schwarz, Jan"]
[Result "1/2-1/2"]
[WhiteElo "2140"]
[BlackElo "2289"]
[PlyCount "38"]
[EventDate "2006.??.??"]
[EventType "corr"]

1. e4 c5 2. Nf3 d6 3. d4 cxd4 4. Nxd4 Nf6 5. Nc3 a6 6. Bg5 e6 7. f4 Qb6 8. Qd2
Qxb2 9. Rb1 Qa3 10. f5 Nc6 11. fxe6 fxe6 12. Nxc6 bxc6 13. Be2 Be7 14. O-O O-O
15. Rb3 Qc5+ 16. Be3 Qe5 17. Bd4 Qa5 18. Bb6 Qe5 19. Bd4 Qa5 1/2-1/2

[Event "7MCR_4D_1L_4S"]
[Site "?"]
[Date "2006.??.??"]
[Round "?"]
[White "Cvak, Rudolf"]
[Black "Sedlacek, Tomas"]
[Result "1-0"]
[WhiteElo "2140"]
[BlackElo "2189"]
[PlyCount "71"]
[EventDate "2006.??.??"]
[EventType "corr"]

1. e4 c6 2. d4 d5 3. e5 Bf5 4. Nc3 a6 5. Be3 Qc7 6. g4 Bd7 7. Bd3 e6 8. f4 b6
9. Qd2 c5 10. Nf3 c4 11. Be2 h5 12. g5 Ne7 13. Nh4 Ng6 14. Bf2 b5 15. f5 Nxh4
16. Bxh4 b4 17. Nd1 g6 18. fxg6 fxg6 19. O-O Be7 20. c3 Nc6 21. Ne3 Rg8 22. Bf2
Qa5 23. h4 Bf8 24. Qc2 bxc3 25. bxc3 Ne7 26. Rab1 Qa4 27. Qd2 Qc6 28. Bf3 Bg7
29. Qe2 Qc8 30. Bg3 Rb8 31. Nxd5 Rxb1 32. Rxb1 exd5 33. e6 Bb5 34. a4 Qc6 35.
axb5 axb5 36. Qb2 1-0

[Event "7MCR_4D_1L_4S"]
[Site "?"]
[Date "2006.??.??"]
[Round "?"]
[White "Cvak, Rudolf"]
[Black "Soudny, Jiri"]
[Result "1/2-1/2"]
[WhiteElo "2140"]
[BlackElo "2355"]
[PlyCount "30"]
[EventDate "2006.??.??"]
[EventType "corr"]

1. e4 e6 2. d4 d5 3. e5 c5 4. c3 Nc6 5. Nf3 Qb6 6. Be2 cxd4 7. cxd4 Nh6 8. Nc3
Nf5 9. Na4 Qa5+ 10. Bd2 Bb4 11. Bc3 Bxc3+ 12. Nxc3 Qb6 13. Bb5 Bd7 14. Bxc6
Bxc6 15. Rb1 Qa6 1/2-1/2

[Event "7MCR_4D_1L_4S"]
[Site "?"]
[Date "2006.??.??"]
[Round "?"]
[White "Cvak, Rudolf"]
[Black "Steinhauser, Antonin"]
[Result "1/2-1/2"]
[WhiteElo "2140"]
[BlackElo "2000"]
[PlyCount "62"]
[EventDate "2006.??.??"]
[EventType "corr"]

1. e4 e5 2. Nf3 Nf6 3. Nxe5 d6 4. Nf3 Nxe4 5. d4 d5 6. Bd3 Bd6 7. O-O O-O 8. c4
c6 9. cxd5 cxd5 10. Nc3 Nxc3 11. bxc3 Bg4 12. Rb1 Nd7 13. h3 Bh5 14. Rxb7 Nb6
15. Ba6 Qe8 16. Kh1 Qc6 17. Ne5 Qxb7 18. Bxb7 Bxd1 19. Bxa8 Ba4 20. Bb7 f6 21.
Nc6 Bxc6 22. Bxc6 Rc8 23. Bb5 Rxc3 24. a4 Bb4 25. Bf4 Rc2 26. Kg1 Bc3 27. Be3
Kf7 28. Rb1 Ke6 29. Bd3 Rb2 30. Rxb2 Bxb2 31. Bc2 h6 1/2-1/2

[Event "7MCR_4D_1L_4S"]
[Site "?"]
[Date "2006.??.??"]
[Round "?"]
[White "Cvak, Rudolf"]
[Black "Stika, Vaclav"]
[Result "1-0"]
[WhiteElo "2140"]
[BlackElo "2142"]
[PlyCount "45"]
[EventDate "2006.??.??"]
[EventType "corr"]

1. e4 e5 2. Nf3 Nc6 3. Bb5 a6 4. Ba4 Nf6 5. d4 exd4 6. O-O Be7 7. e5 Ne4 8.
Nxd4 O-O 9. Nf5 d5 10. Bxc6 bxc6 11. Nxe7+ Qxe7 12. Re1 Re8 13. f3 Nd6 14. b3
Bf5 15. Bb2 f6 16. Nd2 fxe5 17. Rxe5 Qg5 18. Qe1 Rxe5 19. Bxe5 Re8 20. f4 Qf6
21. Bxf6 Rxe1+ 22. Rxe1 gxf6 23. c4 1-0

[Event "7MCR_4D_1L_4S"]
[Site "?"]
[Date "2006.??.??"]
[Round "?"]
[White "Cvak, Rudolf"]
[Black "Vokoun, Jan"]
[Result "1-0"]
[WhiteElo "2140"]
[BlackElo "2400"]
[PlyCount "95"]
[EventDate "2006.??.??"]
[EventType "corr"]

1. e4 e6 2. d4 d5 3. e5 c5 4. c3 Qb6 5. Nf3 Bd7 6. a3 Bb5 7. c4 dxc4 8. Nbd2
cxd4 9. Nxc4 Bxc4 10. Bxc4 Nc6 11. b4 Nge7 12. O-O Ng6 13. Bb2 Rd8 14. Re1 Be7
15. b5 Na5 16. Bd3 O-O 17. Qa4 Rd7 18. Bxd4 Qd8 19. Be4 b6 20. Bc3 Nb7 21. Bc6
Nc5 22. Qc2 Rc7 23. Rad1 Qc8 24. Bb4 a5 25. Bd2 Nd7 26. Be3 Rd8 27. Rd3 Nc5 28.
Rxd8+ Qxd8 29. h4 h5 30. Qe2 Rc8 31. Rd1 Qc7 32. Bxc5 bxc5 33. Rd7 Qb6 34. Be4
Rc7 35. Rxc7 Qxc7 36. Qb2 Bd8 37. Bxg6 fxg6 38. Qc2 c4 39. Qxg6 c3 40. Qxe6+
Kh7 41. Ne1 Qc5 42. Qf5+ Kh6 43. g4 g6 44. g5+ Kg7 45. Qd7+ Qe7 46. Qd4 Qc7 47.
e6+ Kh7 48. b6 1-0

[Event "7MCR_4D_1L_4S"]
[Site "?"]
[Date "2006.??.??"]
[Round "?"]
[White "Glaser, Karel"]
[Black "Cvak, Rudolf"]
[Result "1-0"]
[WhiteElo "2159"]
[BlackElo "2140"]
[PlyCount "125"]
[EventDate "2006.??.??"]
[EventType "corr"]

1. e4 e5 2. Nf3 Nc6 3. Bb5 a6 4. Ba4 Nf6 5. O-O Be7 6. Re1 b5 7. Bb3 O-O 8. c3
d6 9. h3 Na5 10. Bc2 c5 11. d4 Qc7 12. Nbd2 cxd4 13. cxd4 Nc6 14. Nb3 a5 15.
Be3 a4 16. Nbd2 Nb4 17. Bb1 Bd7 18. a3 Nc6 19. Bd3 Rfc8 20. Qe2 Rab8 21. b4
axb3 22. Nxb3 d5 23. exd5 Nxd5 24. Bd2 exd4 25. Qe4 Nf6 26. Qh4 Qd8 27. Nfxd4
Nxd4 28. Nxd4 h6 29. Rad1 Bxa3 30. Bxh6 gxh6 31. Nf5 Bxf5 32. Bxf5 Bd6 33. Bxc8
Rxc8 34. Qxh6 Qb6 35. Re3 Bh2+ 36. Kh1 Bb8 37. Red3 Bc7 38. Qg5+ Kh8 39. Rf3
Nh7 40. Qh5 Rf8 41. Rxf7 Rxf7 42. Qxf7 Qc6 43. Qd7 Qxd7 44. Rxd7 Ba5 45. Rb7
Be1 46. Kg1 b4 47. Kf1 Bc3 48. f4 Nf6 49. Ke2 Ne4 50. g4 Nc5 51. Rb5 Ne6 52.
Ke3 Nd4 53. Rb7 Kg8 54. h4 b3 55. h5 Ba1 56. Rb8+ Kh7 57. g5 Nf5+ 58. Ke4 Ng3+
59. Kf3 Nxh5 60. Kg4 Nxf4 61. Kxf4 Bd4 62. Rxb3 Kg6 63. Ra3 1-0

[Event "7MCR_4D_1L_4S"]
[Site "?"]
[Date "2006.??.??"]
[Round "?"]
[White "Glaser, Karel"]
[Black "Kosek, Lubomir"]
[Result "1-0"]
[WhiteElo "2159"]
[BlackElo "2043"]
[PlyCount "131"]
[EventDate "2006.??.??"]
[EventType "corr"]

1. e4 e5 2. Nf3 Nc6 3. Bb5 a6 4. Ba4 Nf6 5. O-O Be7 6. Re1 b5 7. Bb3 d6 8. c3
O-O 9. h3 Na5 10. Bc2 c5 11. d4 Qc7 12. Nbd2 Re8 13. b3 Bf8 14. Nf1 cxd4 15.
cxd4 Nc6 16. d5 Nb4 17. Bb1 a5 18. Bd2 Na6 19. Ng3 Nc5 20. Bc2 b4 21. Nh4 g6
22. a3 Rb8 23. axb4 axb4 24. Bg5 Bg7 25. Qd2 Rb5 26. Rec1 Bd7 27. Bh6 Qd8 28.
Nf3 Qb6 29. Qg5 Qd8 30. Nd2 Bxh6 31. Qxh6 Rb7 32. Nc4 Bb5 33. Nb2 Nfd7 34. Nf1
Bxf1 35. Rxf1 Nb6 36. f3 f5 37. exf5 gxf5 38. Nd3 Nxd3 39. Bxd3 Rf8 40. Ra5 Rg7
41. Rb5 f4 42. Kh2 Qc7 43. Be4 Nd7 44. Rxb4 Nf6 45. Rc4 Qa7 46. Rc2 Qd4 47. Bf5
Nxd5 48. Qxd6 Ne3 49. Be6+ Rgf7 50. Bxf7+ Kg7 51. Qa6 Nxc2 52. Bc4 Ne3 53. Ra1
Qd2 54. Ra2 Qe1 55. Qa7+ Kh8 56. Qa5 Qg3+ 57. Kg1 Qg7 58. Qc5 Re8 59. Bb5 Qe7
60. b4 Qh4 61. Rf2 Re7 62. Bc6 Qf6 63. b5 Rg7 64. b6 Qf5 65. Be4 Qd7 66. Kh2
1-0

[Event "7MCR_4D_1L_4S"]
[Site "?"]
[Date "2006.??.??"]
[Round "?"]
[White "Glaser, Karel"]
[Black "Schwarz, Jan"]
[Result "1/2-1/2"]
[WhiteElo "2159"]
[BlackElo "2289"]
[PlyCount "110"]
[EventDate "2006.??.??"]
[EventType "corr"]

1. e4 c5 2. Nf3 Nc6 3. d4 cxd4 4. Nxd4 Nf6 5. Nc3 e5 6. Ndb5 d6 7. Bg5 a6 8.
Na3 b5 9. Bxf6 gxf6 10. Nd5 Bg7 11. c3 f5 12. Bd3 Ne7 13. Nxe7 Qxe7 14. Nc2 O-O
15. O-O f4 16. a4 bxa4 17. Rxa4 Qb7 18. b4 Qc7 19. b5 Be6 20. Rxa6 Qxc3 21. Ne1
Rxa6 22. bxa6 Ra8 23. Qe2 Bf6 24. Nf3 d5 25. exd5 Bxd5 26. Nd2 Bg7 27. Rd1 Qc6
28. Bb5 Qc2 29. Nf3 Qb3 30. Nh4 Bf6 31. Nf5 f3 32. Qd3 Qxd3 33. Rxd3 Be6 34.
Rxf3 Bc8 35. h3 Bxa6 36. Ra3 Bb7 37. Rxa8+ Bxa8 38. Bc4 Be4 39. Nh6+ Kg7 40.
Nxf7 Bg6 41. Nd6 Be7 42. Nb5 Kf6 43. Nc3 Bc5 44. Bd5 h6 45. Bc6 Bd3 46. g3 Kf5
47. Bd7+ Kg6 48. Kg2 Bd4 49. Be8+ Kg7 50. Nd1 Bc2 51. Ne3 Be4+ 52. Kh2 Bc5 53.
g4 Be7 54. Kg3 Bg5 55. h4 Bf4+ 1/2-1/2